US States Crossword Puzzle - Statistics

General Stats
  • This quiz has been taken 3,242 times
  • The average score is 7 of 10
Answers on the Map
Answers color-coded by a green-red scale on the quiz's map according to % correct below.
 
Answer Stats
Puzzle % Correct

1. The most populous US state {California}

97%

4. Its capital is Topeka {Kansas}

83%

3. Where the Grand Canyon is {Arizona}

80%

2. Add two letters to 4 across {Arkansas}

73%

6. Easternmost US state {Maine}

73%

5. Borders Colorado {New Mexico}

66%

8. Touches Lake Erie {Ohio}

56%

9. The Hawkeye State {Iowa}

56%

10. A four corners state {Utah}

55%

7. Where Crater Lake is {Oregon}

40%
No matching quizzes found
Score Distribution
Percent of People with Each Score
Percentile by Number Answered
Your Score History
You have not taken this quiz